000 00336nam a2200133Ia 4500
008 231019s9999 xx 000 0 und d
082 _a420
_bMUS-E
100 _aProf Musarrat Hussain
245 0 _aEnglish Inter. Part-1
260 _aLahore, Pakistan
_bSunshine Publications
_c2012
300 _a800
650 _aEnglish
999 _c34608
_d34608